000 00606nam a2200217Ia 4500
003 0100
008 130227s9999 xx 000 0 und d
040 _cARRUPELIB
050 _aBX510.B311
100 _aWilliam, Rowan
245 4 _aThe healing word
260 _aLondon
260 _bDarton, Longman and Todd
260 _C2008
300 _aviii
300 _b 198p. 20cm.
650 _bWomen - England - History - 19th century - Sources
650 _cWomen - France - History - 19th century - Sources
650 _dWomen - United States - History - 19th cnetury - Sources
942 _2lcc
_01
999 _c6474
_d6474